Länder die mehr als 9 Buchstaben haben - Statistiken

Allgemein
  • Dieses Quiz wurde 78 mal gespielt
    56 seit der letzten Aktualisierung
  • Das Durchschnittsergebnis liegt bei 29 aus 50
Antwortstatistiken
Hint Antwort % Korrekt
49 Vereinigte Staaten
98%
48 Vereinigtes Königreich
93%
11 Deutschland
85%
6 Australien
80%
1 Afghanistan
76%
4 Argentinien
76%
10 DemokratischeRepublik Kongo
76%
20 Kasachstan
76%
28 Neuseeland
72%
34 Republik Kongo
72%
18 Indonesien
70%
45 Usbekistan
70%
47 Vereinigte Arabische Emirate
67%
50 Zentralafrikanische Republik
67%
26 Mikronesien
65%
36 Saudi-Arabien
65%
41 Tadschikistan
65%
8 Bosnien und Herzegowina
63%
12 Dominikanische Republik
63%
16 Griechenland
63%
40 St. Vincent und dieGrenadinen
63%
44 Turkmenistan
63%
15 Frankreich
61%
21 Kirgisistan
61%
33 Philippinen
59%
39 St. Kitts und Nevis
59%
2 Antigua und Barbuda
57%
3 Äquatorialguinea
57%
23 Madagaskar
57%
32 Papua-Neuguinea
57%
5 Aserbaidschan
54%
7 Bangladesch
54%
31 Österreich
54%
24 Marshallinseln
52%
22 Liechtenstein
50%
25 Mauretanien
50%
42 Trinidad und Tobago
50%
29 Niederlande
48%
30 Nordmazedonien
48%
14 El Salvador
46%
35 São Tomé undPríncipe
46%
9 Burkina Faso
41%
13 Elfenbeinküste
41%
43 Tschechien
41%
46 Vatikanstadt
41%
17 Guinea-Bissau
37%
37 Seychellen
37%
19 Kambodscha
26%
27 Montenegro
26%
38 Sierra Leone
26%
Keine übereinstimmenden Quizze gefunden
Verteilung der Resultate
Anzahl Personen mit jedem Resultat
Perzentil nach korrekt beantworteten Fragen
Ihre Resultats-Entwicklung
Sie haben dieses Quiz seit der letzten Aktualisierung nicht gespielt